Arab members that recognize Israel - Statistics

General Stats
  • This quiz has been taken 440 times
    332 since last reset
  • The average score is 5 of 6
Answer Stats
Year Country % Correct
1979 Egypt
96%
2020 United Arab Emirates
94%
1994 Jordan
92%
2020 Morocco
86%
2020 Bahrain
84%
2020 Sudan
72%
No matching quizzes found
Score Distribution
Percent of People with Each Score
Percentile by Number Answered
Your Score History
You have not taken this quiz since the last reset